| 000 | 00928nas a2200289 4500 | ||
|---|---|---|---|
| 001 | BR8002795 | ||
| 003 | BR-BrBNA | ||
| 005 | 20231205084316.0 | ||
| 007 | ta | ||
| 008 | 230509b bl.|||p| |||| 00| 00por d | ||
| 040 |
_aBR-BrBNA _bpor _cBiblioteca Nacional de Agricultura |
||
| 041 | _a(Pt) | ||
| 072 | _aP05; T00 | ||
| 100 | 1 | _aDias, C.A.B. | |
| 245 | 1 |
_aPerspectivas de tratamento do vinhoto com beneficios ambientais e economicos [Vinhaca; Recurso energetico; Residuo organico; Programa Nacional do Alcool; Brasil] _bpt. 1 |
|
| 650 | _aRecurso energetico | ||
| 650 | _aPoluicao | ||
| 650 | _aResiduo organico | ||
| 650 | _aVinhaca | ||
| 650 | _aTratamento | ||
| 650 | _aPoluicao ambiental | ||
| 650 | _aMetanol | ||
| 650 | _aAnaerobiose | ||
| 773 | 0 |
_tBrasil Acucareiro (Brazil) _xISSN 0006-9167 _g(Sep 1980), v. 96(3) p. 45-53 _wBR8002795 |
|
| 909 |
_a202311 _bLúcia _c55 _dLúcia Elande |
||
| 942 |
_2AGRIS _n0 _cANA |
||
| 999 |
_c104416 _d104416 |
||